Stabilitní zkoušky

Bibliographic Details
Main Author: Pešák, Milan, 1939- (Author)
Format: Article
Language:Slovak
Czech
PhysicalDescription:Tab. 7, res. angl., češ., lit. 7 zázn. v angl., češ.
ISSN:0014-8172
Subjects:

MARC

LEADER 00000nab a2200000 a 4500
001 vtls000580419
003 SK-MaSNL
005 20260304205504.0
008 250425c1996 xo 0 slo
015 |a SNBRB19rr/mm-uuuuu 
035 |a CL0580557 
035 |a urn:nbn:sk:snk-ab1ppb 
035 |a (urnnbn)urn:nbn:sk:snk:ar-004wcf 
035 |a (uuid)de1e0e3d-5e00-413b-9925-cbb03269345e 
040 |a SNKBUCL  |b slo  |c SNKBUCL  |e AACR2 
041 0 |a cze 
044 |a xo  |c SK 
080 |a 615.014  |2 1981 
100 1 |a Pešák, Milan,  |d 1939-  |4 aut  |9 39380 
245 1 0 |a Stabilitní zkoušky  |c M. Pešák 
300 |b Tab. 7, res. angl., češ., lit. 7 zázn. v angl., češ. 
650 0 7 |a liečivá  |2 snkbucl  |9 2452 
655 7 |a články z novín a časopisov  |2 snkbucl  |9 267496 
773 0 |t Farmaceutický obzor  |g Roč. 65, č. 2 (1996), s. 35-38  |x 0014-8172 
850 |a Slovenská národná knižnica 
852 |a Slovenská národná knižnica 
954 |a odborná, vedecká literatúra cudzojazyčná (svetová)  |2 lita 
954 |a odborná, vedecká literatúra pôvodná (slovenská)  |2 lita 
958 |a article27 
958 |a OND 
958 |a NB 
958 |a RK 
958 |a MI 
958 |a EUIPO 
992 |a RBX 
999 |c 3121221  |d 3123151